Report of the National Libraries Committee / (Record no. 136945)

MARC details
000 -LEADER
fixed length control field 00641nam a22002057a 4500
010 ## - LIBRARY OF CONGRESS CONTROL NUMBER
LC control number 558538
020 ## - INTERNATIONAL STANDARD BOOK NUMBER
International Standard Book Number 101402805
035 ## - SYSTEM CONTROL NUMBER
System control number 558538
037 ## - SOURCE OF ACQUISITION
Source of stock number/acquisition Cen Lib / Ret
040 ## - CATALOGING SOURCE
Original cataloging agency DPL
Language of cataloging EN
082 ## - DEWEY DECIMAL CLASSIFICATION NUMBER
Classification number 027.50942
Item number NAT
110 ## - MAIN ENTRY--CORPORATE NAME
Subordinate unit Great Britain. National Libraries Committee.
245 ## - TITLE STATEMENT
Title Report of the National Libraries Committee /
260 ## - PUBLICATION, DISTRIBUTION, ETC. (IMPRINT)
Place of publication, distribution, etc London
Name of publisher, distributor, etc Her Majesty's Stationary Office
Date of publication, distribution, etc 1969
270 ## - ADDRESS
Address Her Majesty's Stationary Office
City London
300 ## - PHYSICAL DESCRIPTION
Extent 320p ;
Dimensions 27cm(Hb)
650 ## - SUBJECT ADDED ENTRY--TOPICAL TERM
Topical term or geographic name as entry element National libraries -- Great Britain.
650 ## - SUBJECT ADDED ENTRY--TOPICAL TERM
Topical term or geographic name as entry element Education and science.
942 ## - ADDED ENTRY ELEMENTS (KOHA)
Source of classification or shelving scheme Dewey Decimal Classification
Koha item type English Books
Classification part 027.50942
Call number suffix NAT
Holdings
Withdrawn status Lost status Damaged status Not for loan Home library Current library Date acquired Source of acquisition Total Checkouts Full call number Barcode Date last seen Copy number Price effective from Koha item type
        Central Library Central Library 12/03/2016 Cen Lib/Ret   027.50942 NAT 558538 12/03/2016 1 12/03/2016 English Books

© Delhi Public Library
Hit Counter
free hit counter